Online Catalogue and eLibrary

Rethinking state theory / (Record no. 420)

MARC details
000 -LEADER
fixed length control field 00577cam a22002054a 4500
001 - CONTROL NUMBER
control field 11809157
005 - DATE AND TIME OF LATEST TRANSACTION
control field 20240216061010.0
008 - FIXED-LENGTH DATA ELEMENTS--GENERAL INFORMATION
fixed length control field 991013s2000 enka b 001 0 eng
020 ## - INTERNATIONAL STANDARD BOOK NUMBER
ISBN 0415208920 (alk. paper)
040 ## - CATALOGING SOURCE (பட்டியலாக்க மூலம்)
Original cataloging agency DLC
Transcribing agency DLC
Modifying agency DLC
082 00 - DDC Classification
Class No. 320.
DDC Edition Number 21
Item Number - Author Mark RET.
100 1# - MAIN ENTRY--PERSONAL NAME
Personal name Smith, Mark J.,
245 10 - TITLE STATEMENT
Title Rethinking state theory /
Statement of responsibility, etc. Mark J. Smith.
250 ## - EDITION STATEMENT
Edition statement 1st.
260 ## - PUBLICATION, DISTRIBUTION, ETC.
Place of publication, distribution, etc. London ;
-- New York :
Name of publisher, distributor, etc. Routledge,
Date of publication, distribution, etc. 2000.
300 ## - PHYSICAL DESCRIPTION
Extent (e.g. Volumes, Pages etc.) xiv, 281 p. :
650 #0 - SUBJECT ADDED ENTRY--TOPICAL TERM
Topical term or geographic name entry element State, The.
856 42 - ELECTRONIC LOCATION AND ACCESS
Uniform Resource Identifier <a href="http://www.loc.gov/catdir/enhancements/fy0650/99053000-d.html">http://www.loc.gov/catdir/enhancements/fy0650/99053000-d.html</a>
942 ## - Koha item type (Biblio)
Koha item type Books in Stacks (Lending)
Holdings
Lost status Damaged status Collection code Home library Current library Date acquired Full call number Accession Number Item type
    Lending WERC Library WERC Library 02/16/2024 320. RET. 4246 Books in Stacks (Lending)

© WERC Library